| 000 | 00824nam a2200217Ia 4500 | ||
|---|---|---|---|
| 999 |
_c40129 _d40129 |
||
| 001 | 6735 | ||
| 003 | GE_BSU | ||
| 005 | 20191227120540.0 | ||
| 008 | 181216s1986||||ge |||||||||||||| ||geo|| | ||
| 040 | _cGE_BSU | ||
| 041 | _ageo | ||
| 080 | _a821.353.1-32 გ-45 | ||
| 100 |
_aგვეტაძე, რაჟდენ. _95973 |
||
| 245 |
_aრჩეული პროზა / _cრაჟდენ გვეტაძე ; რედ. შალვა დემეტრაძე. |
||
| 264 |
_aთბილისი : _bსაბჭ.მწერალი, _c1952. |
||
| 300 |
_a324 გვ. ; _c21სმ. |
||
| 653 | _aრჩეული ლექსები | ||
| 653 | _aრჩეული პროზა | ||
| 700 |
_aდემეტრაძე, შალვა _eრედაქტორი _95984 |
||
| 942 |
_cBK _2udc |
||